Biblioteca

Hosea / (Registro nro. 67959)

Detalles MARC
000 -LÍDER
Campo fijo de descripción fija 02402nam a2200361 i 4500
001 - NÚMERO DE CONTROL
Campo de control 768714001
003 - IDENTIFICADOR DEL NÚMERO DE CONTROL
Campo de control CO-MdFUSB
005 - FECHA Y HORA DE LA ULTIMA TRANSACCIÓN
control field 20230316150533.0
007 - CAMPO FIJO DE DESCRIPCIÓN FIJA--INFORMACIÓN GENERAL
Campo fijo de descripción fija ta
008 - ELEMENTOS DE LONGITUD FIJA -- INFORMACIÓN GENERAL
Campo fijo de descripción fija -- Información general 971205t1997 -us b 001 0 eng d
020 ## - NÚMERO INTERNACIONAL NORMALIZADO PARA LIBROS
Número Internacional Normalizado del libro 0567085457
040 ## - FUENTE DE CATALOGACIÓN
Agencia de catalogación original VQE
Agencia que realiza la transcripción CO-MdFUSB
Agencia que realiza la modificación UKM
Idioma de catalogación spa
Convenciones de la descripción rda
041 ## - CÓDIGO DE IDIOMA
Código de idioma para texto/pista de sonido o título separado eng
082 ## - NÚMERO DE CLASIFICACIÓN DECIMAL DEWEY
Número de la edición del Dewey 23
Número de clasificación 224.607
Clave de autor-Numero de item M152
100 1# - ASIENTO PRINCIPAL--NOMBRE PERSONAL
Nombre personal Macintosh, A. A.
Término relacionador autor
245 12 - TÍTULO
Título del Material Hosea /
Mención de responsabilidad, etc. A.A. Macintosh.
246 30 - FORMA VARIANTE DEL TITULO
Título propiamente dicho/forma breve del título Hosea
264 #1 - PRODUCCIÓN, PUBLICACIÓN, DISTRIBUCIÓN, MANUFACTURA, Y COPYRIGHT
Lugar de producción, publicación, distribución, manufactura Edinburgh :
Nombre del productor, publicador, distribuidor T & T Clark,
Fecha de producción, publicación, distribución, manufactura, o copyright [1997]
264 #4 - PRODUCCIÓN, PUBLICACIÓN, DISTRIBUCIÓN, MANUFACTURA, Y COPYRIGHT
Fecha de producción, publicación, distribución, manufactura, o copyright © 1997
300 ## - DESCRIPCIÓN FÍSICA
Extensión 600 páginas ;
Dimensiones 21 cm.
336 ## - TIPO DE CONTENIDO
Fuente rdacontent
Término de tipo de contenido texto
Código de tipo de contenido txt
337 ## - TIPO DE MEDIO
Fuente rdamedia
Nombre del tipo de medio sin mediación
Código del tipo de medio n
338 ## - TIPO DE SOPORTE
Fuente rdacarrier
Nombre del tipo de soporte volumen
Código Tipo de soporte nc
490 1# - MENCIÓN DE SERIE
Mención de serie The International critical commentary.
504 ## - NOTA DE BIBLIOGRAFÍA, ETC.
Nota de bibliografía, etc Incluye referencias bibliográficas (p. xix-xlv) e índices.
505 ## - NOTA DE CONTENIDO
Nota de contenido con formato preestablecido 1.2-9 Un relato retrospectivo del matrimonio y los hijos de Oseas -- 2.1-3 Recapitulación -- 2.4-15 Protesta con Israel bajo la figura de una esposa y madre descarriada -- 2.16-25 La oferta de un nuevo comienzo-- 3.1-5 Testimonio personal de Oseas --<br/>Excursus sobre Oseas -- 4:1-19 Acusación de Yahweh a Israel -- 5.1-7 La apostasía de la nación, sus líderes y pueblo -- 5.8-14 La intromisión de Israel contienda como juicio de Yahvé sobre la maldad de Efraín y Judá -- 5.15 Yahvé se retira y espera el arrepentimiento de la nación -- 6.1-6 La penitencia que podría haber sido, contrastada con la verdad que Yahvé debe confrontar --<br/>6.7-7.2 Traición y traición -- 7.3-7 La conspiración alcanza su clímax -- 7.8-16 Las desastrosas alianzas extranjeras de Efraín -- 8.1-14 Culto y apostasía política -- 9.1-9 Los efectos de la sentencia de juicio de Yahvé -- 9.10- 17 Lo que debe ser, en contraste con lo que fue y podría haber sido -- 10. 1-8 La desaparición del estado, su culto y su rey -- El fracaso de la nación en cumplir su destino: su inevitable caída ante Asiria -- 11.1-11 Amor consecuente e ingratitud consecuente -- 12.1-15 Efraín y su antepasado patriarcal Jacob: corrección con juicio -- 13.1--14.1 La ruptura final -- 14.2-9 Oración de profundis de Oseas -- 14,10 Epílogo.
563 ## - NOTA DE ENCUADERNACIÓN
Nota de encuadernación Pasta dura
630 07 - TITULO UNIFORME
Título uniforme Biblia.
Nombre de parte o sección de la obra Oseas
Subdivisión de materia general Crítica, interpretación, etc.
830 #0 - PUNTO DE ACCESO ADICIONAL DE SERIE - TÍTULO UNIFORME
Título uniforme International critical commentary on the Holy Scriptures of the Old and New Testaments.
942 ## - TIPO DE MATERIAL (KOHA)
Tipo de Item KOHA Libros de Referencia
945 ## - INFORMACIÓN LOCAL DEL REGISTRO
Catalogador JTF-925
Existencias
Estado de Material Estado de Perdido Forma de Clasificación Estado de Dañado No para Préstamo Colección Biblioteca de Origen Biblioteca Permanente Fecha de Adquisición Área Total de Préstamos Signatura Topográfica Código de Barras Última vez visto Última vez Préstado Ejemplar/Existencia Fecha de Remplazo Tipo de Material
    Dewey Decimal Classification     Colección de Referencia Biblioteca FUSBC Biblioteca FUSBC 28/06/2022 BIBLIA 2 R 224.607 M152h 24795 19/08/2025 12/05/2025 Ej, 1 28/06/2022 Libros de Referencia

Biblioteca FUSBC | Teléfono: (57+4) 349 88 10 Ext. 141| WhatsApp (+57) 3005338115 
E-mail: biblioteca@unisbc.edu.co | Calle 76 87-14 Robledo Palenque, Medellín, Colombia

Con tecnología Koha